Movies Quiz

Random Movies or Actor Quiz
Score 0/20 Timer 03:00
0 Plays Today
Question Answer Wrong Answers
Roads? Where we're going we don't need... roads! (Back to the Future) Male
95%
Female
1%
They may take away our lives, but they'll never take our freedom (Braveheart) Male
93%
Female
4%
I'll forget what I vowed with every stroke of that oar you chained me to. (Ben-Hur) Male
92%
Female
3%
I'm the ghost with the most, babe. (Beetlejuice) Male
91%
Female
2%
He’s no monster, Gaston; you are! (Beauty and the Beast) Female
91%
Male
4%
I felt it. Perfect. It was Perfect. (Black Swan) Female
90%
Male
4%
Hey, nice marmot. (The Big Lebowski) Male
90%
Female
5%
Hell, you might just be the best damn girl in Texas. (Bonnie and Clyde) Male
86%
Female
11%
It's gunna be a kick ass wedding. (Bridesmaids) Female
85%
Male
9%
... All those moments will be lost in time, like tears in rain. (Blade Runner) Male
83%
Female
12%
This is Nathalia. ... She's my sister. (Borat ...) Male
81%
Female
12%
My job is to sit and look at paintings. (Bean) Male
77%
Female
17%
Killing isn't like smoking. You can quit. (Basic Instinct) Female
76%
Male
19%
You're the second man who killed me this week, but I've got seven lives left. (Batman Returns) Female
68%
Male
26%
Does Barry Manilow know that you raid his wardrobe? (The Breakfast Club) Male
66%
Female
31%
I hardly think a few birds are going to bring about the end of the world. (The Birds) Female
65%
Male
29%
What do you want from me, Freddie? (Bohemian Rhapsody) Female
55%
Male
40%
He's Kinda Bashful isn't he momma? (Bambi) Female
44%
Male
50%
Go ahead, use the dog face on them. It'll be beautiful. (Bolt) Female
44%
Male
50%
It's a perfect night for mystery and horror. (Bride of Frankenstein) Female
43%
Male
52%
Remove Ads.
Support Sporcle.
Get the best of Sporcle when you Go Orange. This ad-free experience offers more features, more stats, and more fun while also helping to support Sporcle. Thank you for becoming a member.

You're not logged in!

Compare scores with friends on all Sporcle quizzes.
OR
Log In

Show Comments

Extras

Top Quizzes Today


Score Distribution

Your Account Isn't Verified!

In order to create a playlist on Sporcle, you need to verify the email address you used during registration. Go to your Sporcle Settings to finish the process.

Report this User

Report this user for behavior that violates our Community Guidelines.

Details: